000 00493cam a2200193ua 4500
001 5066
008 120229n nyu |||gr||||Z||||||eng
020 _a0-19-283389-8
040 _cMAIN
082 _a823
100 _aTwain, Mark,
_eAuthor,
245 1 1 _aAdventures of tom Sawyer
_cby Mark Twain
250 _a1st.
260 _aNew York:
_bOxford university press,
_c1998.
300 _a251p:
_c15cm.
653 _aEnglish fiction
700 _aMitchell, Lee Clark,
_eEditor.,
942 _cBK
999 _c4250
_d4250